Larousse gramática : (Record no. 1357)
[ view plain ]
| 000 -LEADER | |
|---|---|
| campo de control de longitud fija | 01051cam a2200265 a 4500 |
| 001 - NÚMERO DE CONTROL | |
| campo de control | 14144393 |
| 003 - IDENTIFICADOR DE NÚMERO DE CONTROL | |
| campo de control | CoMeUDC |
| 005 - FECHA Y HORA DE LA ÚLTIMA TRANSACCIÓN | |
| campo de control | 20210611105516.0 |
| 008 - DATOS DE LONGITUD FIJA--INFORMACIÓN GENERAL | |
| campo de control de longitud fija | 051017s1998 sp 000 0 spa |
| 020 ## - NÚMERO INTERNACIONAL ESTÁNDAR DEL LIBRO | |
| Número Internacional Estándar del Libro | 970220058X |
| 040 ## - FUENTE DE CATALOGACIÓN | |
| Centro/agencia transcriptor | CO-UdeCO |
| 082 00 - NÚMERO DE LA CLASIFICACIÓN DECIMAL DEWEY | |
| Número de clasificación | 463 |
| Número de ítem | L 332 |
| 245 00 - MENCIÓN DEL TÍTULO | |
| Título | Larousse gramática : |
| Resto del título | lengua española / |
| Mención de responsabilidad, etc. | Larousse, Irma Munguía Zatarain, Martha Elena Munguía Zatarain, Gilda Rocha Romero. |
| 260 ## - PUBLICACIÓN, DISTRIBUCIÓN, ETC. | |
| Lugar de publicación, distribución, etc. | Querétano : |
| Nombre del editor, distribuidor, etc. | Ediciones larousse, |
| Fecha de publicación, distribución, etc. | 2019. |
| 300 ## - DESCRIPCIÓN FÍSICA | |
| Extensión | 284 p. ; |
| Dimensiones | 23 cm. |
| 500 ## - NOTA GENERAL | |
| Nota general | Reglas y ejercicios. Para todo público: estudiantes, maestros, ejecutivos, interesados en recordar o conocer las reglas de la ortografía del español. Ejercicios y respuestas que le permitirán practicar y reafirmar sus conocimientos. |
| 650 #0 - PUNTO DE ACCESO ADICIONAL DE MATERIA--TÉRMINO DE MATERIA | |
| Término de materia o nombre geográfico como elemento de entrada | Gramática |
| 9 (RLIN) | 1663 |
| 650 #0 - PUNTO DE ACCESO ADICIONAL DE MATERIA--TÉRMINO DE MATERIA | |
| Término de materia o nombre geográfico como elemento de entrada | Español |
| 9 (RLIN) | 1280 |
| 650 #0 - PUNTO DE ACCESO ADICIONAL DE MATERIA--TÉRMINO DE MATERIA | |
| Término de materia o nombre geográfico como elemento de entrada | Lengua española. |
| 9 (RLIN) | 1278 |
| 700 ## - ENTRADA AGREGADA--NOMBRE PERSONAL | |
| Nombre de persona | Munguía Zatarain, Irma |
| 9 (RLIN) | 1664 |
| 700 ## - ENTRADA AGREGADA--NOMBRE PERSONAL | |
| Nombre de persona | Munguía Zatarain, Martha Elena |
| 9 (RLIN) | 1665 |
| 700 ## - ENTRADA AGREGADA--NOMBRE PERSONAL | |
| Nombre de persona | Rocha Romero, Gilda |
| 9 (RLIN) | 1666 |
| 710 2# - ENTRADA AGREGADA--NOMBRE DE ENTIDAD CORPORATIVA | |
| Nombre de entidad corporativa o nombre de jurisdicción como elemento de entrada | Larousse (Firm) |
| 942 ## - ELEMENTOS DE ENTRADA SECUNDARIOS (KOHA) | |
| Fuente del sistema de clasificación o colocación | Clasificación Decimal Dewey |
| Tipo de ítem Koha | Libros |
| Estatus retirado | Estado de pérdida | Fuente del sistema de clasificación o colocación | Estado de daño | No para préstamo | Colección | Biblioteca de origen | Biblioteca actual | Fecha de adquisición | Fuente de adquisición | Coste, precio normal de compra | Signatura topográfica completa | Código de barras | Visto por última vez | Copia número | Precio de reemplazo | Tipo de ítem Koha |
|---|---|---|---|---|---|---|---|---|---|---|---|---|---|---|---|---|
| Clasificación Decimal Dewey | Colección general | U DE COLOMBIA - Biblioteca | U DE COLOMBIA - Biblioteca | 11/06/2021 | Donación | 20000.00 | 463 L 332 | 100167 | 11/06/2021 | 1 | 11/06/2021 | Libros |
